000
00309nam a22001217a 4500
008
180424b xxu||||| |||| 00| 0 eng d
041
_a
eng
080
_a
043.3
100
_a
0
101
_a
MBE-BA
245
_a
Menaxhimi i Prodhimtarise ne Ndermarrjet e Agrobiznesit ne Kosove
_c
Sallova, R
942
_2
udc
_c
BK
999
_c
45473
_d
45473